KOHA-Header-6

Principles of Signal Processing and Systems (Record no. 12117)

000 -LEADER
fixed length control field 00372nam a22001457a 4500
020 ## - INTERNATIONAL STANDARD BOOK NUMBER
ISBN 0-19-806228-1
082 ## - DEWEY DECIMAL CLASSIFICATION NUMBER
Classification number 621.38
100 ## - MAIN ENTRY--AUTHOR NAME
Personal name B.P.Lathi
245 ## - TITLE STATEMENT
Title Principles of Signal Processing and Systems
250 ## - EDITION STATEMENT
Edition statement International Version
260 ## - PUBLICATION, DISTRIBUTION, ETC. (IMPRINT)
Place of publication New York
Name of publisher Oxford University Press
Year of publication 2015
300 ## - PHYSICAL DESCRIPTION
Number of Pages 840
650 ## - SUBJECT ADDED ENTRY--TOPICAL TERM
Topical Term Electrical Engineering
942 ## - ADDED ENTRY ELEMENTS (KOHA)
Koha item type Books
Holdings
Withdrawn status Lost status Collection code Permanent Location Current Location Shelving location Date acquired Full call number Accession Number Koha item type
    Electrical Engineering MAJU MAJU Shelf No.A34 2019-10-31 621.38 9406 Electrical Engineering

Powered by Koha